00765nam a2200217Ia 4500003000900000008004100009020001800050040001600068080001800084100002400102245009100126260003400217300001600251490004700267650002200314650002200336650002900358942000700387999001700394952013600411IN-BaIIA211028s9999 xx 000 0 eng d a1-85233-465-7 cIIA Library a524.3-54bING aInglis, Mike927239 0aObserver's guide to stellar evolutionbthe birth, life and death of starscMike Inglis aLondonbSpringer-Verlagc2003 axvii, 233p. aPatrick Moore's practical astronomy series aStar birth926358 aStar death926359 aStars - evolution910853 cBK c15015d15015 00104070aBANbBANcGENd2003-04-06eANJ g2067.40l0o524.3-54/ INGp15937r2021-11-05v2067.40w2003-04-06yBKGRs. 2067.40